El Villancico i la cantata del segle XVIII a València / pel canonge Vicenç Ripollès
Descripción Física:
LXII, 72 p. ; 26 cm
Colección:
Publicacions del Departament de Música (Biblioteca de Catalunya)
; 12
MARC
| LEADER | 00000nam a2200000Ia 4500 | ||
|---|---|---|---|
| 001 | 13869 | ||
| 008 | 160829s1935 xx 000 0 cat d | ||
| 710 | 2 | |a Institut d'Estudis Catalans |9 52284 | |
| 710 | 1 | |a Biblioteca de Catalunya |9 52741 | |
| 952 | |0 0 |1 0 |4 0 |6 B1413 |7 1 |9 41739 |a Arxiu |b Arxiu |d 2016-12-01 |l 0 |o B-1-413 |p 13869 |r 2016-12-01 00:00:00 |w 2016-12-01 |y ARXIU | ||
| 999 | |c 43629 |d 43629 | ||
| 080 | |a B-1-413 | ||
| 100 | |a Ripollès, Vicenç |9 20910 | ||
| 245 | |a El Villancico i la cantata del segle XVIII a València / pel canonge Vicenç Ripollès | ||
| 260 | |a Barcelona : |b Institut d'Estudis Catalans : |b Biblioteca de Catalunya, |c 1935 | ||
| 300 | |a LXII, 72 p. ; |c 26 cm | ||
| 490 | |a Publicacions del Departament de Música (Biblioteca de Catalunya) ; |v 12 | ||
| 590 | |a Inclou partitures musicals | ||
| 650 | |a Villancets (Música) |x València |x S. XVIII |9 20911 | ||
| 650 | |a Cantates |x València |x S. XVIII |9 20912 | ||
| 901 | |a Arxiu | ||
| 942 | |n 1 |2 udc | ||